The effect of different reading tasks on efl learners' incidental vocabulary acquistion: a case study at a private university in the mekong delta : Luận văn thạc sĩ giáo dục. Chuyên ngành: Lí luận và phương pháp dạy học tiếng Anh
Chapter 1 introduces the background of the study, the aims and the significance of the study and the thesis organization. Chapter 2: present literature review which introduces definition of vocabulary and incidental vocabulary. Chapter 3: present the research design, research quétion and hypotheses...
Guardado en:
| Autor principal: | |
|---|---|
| Formato: | Libro |
| Lenguaje: | Undetermined |
| Publicado: |
Cần Thơ
Đại hcj Cần Thơ
2013
|
| Materias: | |
| Etiquetas: |
Agregar Etiqueta
Sin Etiquetas, Sea el primero en etiquetar este registro!
|
| Thư viện lưu trữ: | Trung tâm Học liệu Trường Đại học Cần Thơ |
|---|
| LEADER | 01240nam a2200217Ia 4500 | ||
|---|---|---|---|
| 001 | CTU_184429 | ||
| 008 | 210402s9999 xx 000 0 und d | ||
| 082 | |a 428.24071 | ||
| 082 | |b H100 | ||
| 100 | |a Nguyễn, Thị Ngọc Hà | ||
| 245 | 4 | |a The effect of different reading tasks on efl learners' incidental vocabulary acquistion: a case study at a private university in the mekong delta : | |
| 245 | 0 | |b Luận văn thạc sĩ giáo dục. Chuyên ngành: Lí luận và phương pháp dạy học tiếng Anh | |
| 245 | 0 | |c Nguyễn Thị Ngọc Hà ; Trịnh Quốc Lập hướng dẫn khoa học | |
| 260 | |a Cần Thơ | ||
| 260 | |b Đại hcj Cần Thơ | ||
| 260 | |c 2013 | ||
| 520 | |a Chapter 1 introduces the background of the study, the aims and the significance of the study and the thesis organization. Chapter 2: present literature review which introduces definition of vocabulary and incidental vocabulary. Chapter 3: present the research design, research quétion and hypotheses. | ||
| 650 | |a Từ vựng tiếng Anh,Vocabulary | ||
| 650 | |x Dạy và học,Study and teaching | ||
| 904 | |i Võ, Thị Diệu | ||
| 980 | |a Trung tâm Học liệu Trường Đại học Cần Thơ | ||